000 00531nam a2200169Ia 4500
003 IN-BaIIA
008 211028s9999 xx 000 0 eng d
040 _cIIA Library
080 _aGEN
110 _aIndia. Bansal Publications
_912621
245 0 _aPraveen examination papers
_cBansal Publication
260 _aNew Delhi
_bBansal Publishers
_c1982
300 _a18p.
650 _aAstronomy and Astrophysics Thesaurus
650 _aGeneral
_99574
942 _cBK
999 _c7362
_d7362